000 00608 a2200229 4500
001 114351
020 _a0329131060
020 _a1404682759
020 _a9780590445108
041 _aeng
082 _a[E]
300 _a32 p.
500 _aLivro do programa AIM. Uso restrito aos professores.
697 _aIndividuality - Fiction.
856 _u000025/00002570.jpg
040 _aBR-BrIDEA
_cBR-BrIDEA
090 _aIM Year 1 [E]
_bPIN
100 _aPinkwater, Daniel Manus
_d1941
245 1 0 _aThe big orange splot
_c Daniel Manus Pinkwater
260 _a[s.l.]
_bScholastic
_c1977
942 _cBK
999 _c114351
_d114351